Statistics for Guess the Taylor Swift song no hints #51

Click here to take the quiz!

General Stats

  • This quiz has been taken 52 times
  • The average score is 236 of 290

Answer Stats

Answer% Correct
a
100%
And
100%
and
100%
I
100%
it
98%
me
98%
you
98%
My
96%
my
96%
on
96%
the
96%
if
94%
I'm
94%
that
94%
go
92%
In
92%
love
92%
no
92%
So
92%
so
92%
to
92%
your
92%
You're
92%
you're
92%
all
90%
as
90%
As
90%
be
90%
could
90%
just
90%
Just
90%
of
90%
By
88%
say
88%
than
88%
time
88%
never
85%
way
85%
at
83%
for
83%
friends
83%
out
83%
tell
83%
bad
81%
didn't
81%
ever
81%
would
81%
you'll
81%
back
79%
how
79%
Stupid
79%
stupid
79%
with
79%
crazy
77%
get
77%
here
77%
let
77%
more
77%
really
77%
That's
77%
Cause
75%
hate
75%
lying
75%
old
75%
Burn
73%
burn
73%
come
73%
drive
73%
From
73%
pickup
73%
picture
73%
truck
73%
won't
73%
you'd
73%
another
71%
far
71%
going
71%
nothing
71%
obsessive
71%
wasted
71%
who's
71%
around
69%
concerned
69%
fine
69%
mind
69%
There's
69%
best
67%
coming
67%
realize
67%
redneck
67%
strike
67%
yourself
67%
baby
65%
Baby
65%
gonna
65%
heartbreak
65%
match
65%
obvious
65%
perfect
65%
State
65%
fantasy
63%
haven't
63%
health
63%
watch
63%
better
60%
daddy's
60%
keep
60%
saying
60%
show
60%
sorry
60%
stopping
60%
case
56%
heard
56%
planning
56%
revenge
56%
sitting
56%
missing
54%
tears
52%

Score Distribution

Percentile by Number Answered

Percent of People with Each Score

Your Score History

You have not taken this quiz